书目信息 |
| 题名: |
全国勘察设计注册公用设备工程师给水排水专业考试2012年真题详解
|
|
| 作者: | 未碧贵 主编 | |
| 分册: | ||
| 出版信息: | 北京 中国建筑工业出版社 2013.04 |
|
| 页数: | 117页 | |
| 开本: | 26cm | |
| 丛书名: | 执业资格考试丛书 | |
| 单 册: | ||
| 中图分类: | TU991-44 | |
| 科图分类: | ||
| 主题词: | 给排水系统--ji pai shui xi tong--资格考试--题解 | |
| 电子资源: | ||
| ISBN: | 978-7-112-15249-0 | |
| 000 | 00992nam 2200265 450 | |
| 001 | 127824 | |
| 005 | 20140910142657.54 | |
| 010 | @a978-7-112-15249-0@dCNY 25.00 | |
| 100 | @a20130412d2013 em y0chiy50 ea | |
| 101 | 0 | @achi |
| 102 | @aCN@b110000 | |
| 105 | @aa q 000yy | |
| 200 | 1 | @a全国勘察设计注册公用设备工程师给水排水专业考试2012年真题详解@f未碧贵主编@Fwei bi gui zhu bian |
| 210 | @a北京@c中国建筑工业出版社@d2013.04 | |
| 215 | @a117页@c图@d26cm | |
| 225 | 2 | @a执业资格考试丛书@Azhi ye zi ge kao shi cong shu@e2013 |
| 330 | @a本书整理了2012年全国勘察设计注册公用设备工程师给水排水工程专业的专业考试试题, 包括专业知识和专业案例。书中对专业知识给出了答案和详细分析。 | |
| 410 | 0 | @12001 @a执业资格考试丛书 (2013) |
| 606 | 0 | @a给排水系统@Aji pai shui xi tong@x资格考试@j题解 |
| 690 | @aTU991-44@v5 | |
| 701 | 0 | @a未碧贵@9wei bi gui@4主编 |
| 801 | @aCN@c20140910 | |
| 901 | @a012 | |
| 905 | @a241430@eW567@dTU991-44@b1096383-5@f3 | |
| 998 | @cbm002c-2013.04.12 14:58:35 | |
| 全国勘察设计注册公用设备工程师给水排水专业考试2012年真题详解/未碧贵主编.-北京:中国建筑工业出版社,2013.04 |
| 117页:图;26cm.-(执业资格考试丛书:2013) |
| ISBN 978-7-112-15249-0:CNY 25.00 |
| 本书整理了2012年全国勘察设计注册公用设备工程师给水排水工程专业的专业考试试题, 包括专业知识和专业案例。书中对专业知识给出了答案和详细分析。 |
| ● |
| 相关链接 |
|
|
|
正题名:全国勘察设计注册公用设备工程师给水排水专
索取号:TU991-44/W567
 
预约/预借
| 序号 | 登录号 | 条形码 | 馆藏地/架位号 | 状态 | 备注 |
| 1 | 0829531 | 208295316 | 建筑库201/201建筑库 128排1列1层/ [索取号:TU991-44/W567] | 在馆 | |
| 2 | 0829532 | 208295325 | 建筑库201/201建筑库 128排1列1层/ [索取号:TU991-44/W567] | 在馆 |